Un comentario sobre el trabajo titulado: 'Notas para una discusión acerca de la ley de población en Marx' de Angel Fuccaraccio y Fernando González

Gardado en:
Detalles Bibliográficos
Autor Principal: Geller, Lucio
Formato: Texto
Idioma:Spanish
Publicado: Buenos Aires: Instituto Torcuato Di Tella 1975
Etiquetas: Engadir etiqueta
Sen Etiquetas, Sexa o primeiro en etiquetar este rexistro!

MARC

LEADER 00000 a a2200000 04500
001 17592
003 cru CIDCACS/IIS
005 20231129083909.0
008 231129b |||||||| |||| 00| 0 spa d
040 |c cru CIDCACS/IIS 
090 |a 002700  
100 |a Geller, Lucio  
245 |a Un comentario sobre el trabajo titulado: 'Notas para una discusión acerca de la ley de población en Marx' de Angel Fuccaraccio y Fernando González  
260 |a Buenos Aires:   |b Instituto Torcuato Di Tella   |c 1975 
300 |a 24 p.  
942 |2 z  |c LI 
999 |c 12761  |d 12761